[Event "GRE-chT Final 4 48th"]
[Site "Larisa"]
[Date "2021.11.07"]
[Round "2.1"]
[White "Balokas, Dimitrios"]
[Black "Kanakaris, Georgios"]
[Result "1/2-1/2"]
[WhiteElo "2208"]
[BlackElo "2389"]
[PlyCount "94"]
[EventDate "2021.11.06"]
[EventType "team-k.o."]
[EventRounds "2"]
[EventCountry "GRE"]
[SourceTitle "CBM 205 Extra"]
[Source "ChessBase"]
[SourceDate "2022.01.31"]
[SourceVersion "1"]
[SourceVersionDate "2022.01.31"]
[SourceQuality "1"]
[WhiteTeam "Neapolis Sykeon"]
[BlackTeam "Kavalas SO"]
[WhiteTeamCountry "GRE"]
[BlackTeamCountry "GRE"]

1. d4 Nf6 2. c4 g6 3. Nc3 Bg7 4. e4 d6 5. Nge2 c6 6. Ng3 e5 7. d5 Na6 8. Be2 h5 9. h4 Qc7 10. 0-0 Ng4 11. a3 Qd8 12. Bg5 Bf6 13. Qd2 Bxg5 14. Qxg5 Qxg5 15. hxg5 h4 16. Nh1 Rh5 17. f3 Ne3 18. f4 Nxf1 19. Bxh5 Ne3 20. Be2 exf4 21. Nf2 Nc5 22. b4 Nb3 23. Re1 Bd7 24. Bd3 h3 25. Nxh3 Bxh3 26. gxh3 Nd2 27. Kf2 Ndxc4 28. dxc6 bxc6 29. Bxc4 Nxc4 30. b5 cxb5 31. Nxb5 Rb8 32. Nxa7 Kd7 33. a4 Ra8 34. Nb5 Rxa4 35. Rd1 Rb4 36. Nxd6 Rb2+ 37. Kf3 Rd2 38. Rxd2 Nxd2+ 39. Ke2 Kxd6 40. Kxd2 Ke5 41. Kd3 f6 42. gxf6 Kxf6 43. Kd4 g5 44. e5+ Kf5 45. e6 Kxe6 46. Ke4 Kf6 47. h4 gxh4 1/2-1/2

[Event "Rilton Cup 49th"]
[Site "Stockholm"]
[Date "2020.01.04"]
[Round "8"]
[White "Balokas, Dimitrios"]
[Black "Spyropoulos, Nikolaos"]
[Result "0-1"]
[WhiteElo "2209"]
[BlackElo "2401"]
[PlyCount "68"]
[EventDate "2019.12.27"]
[EventType "swiss"]
[EventRounds "9"]
[EventCountry "SWE"]
[SourceTitle "CBM 194 Extra"]
[Source "ChessBase"]
[SourceDate "2020.03.31"]
[SourceVersion "1"]
[SourceVersionDate "2020.03.31"]
[SourceQuality "1"]

1. Nf3 e6 2. c4 f5 3. d4 Nf6 4. g3 c6 5. Bg2 d5 6. 0-0 Bd6 7. Nc3 0-0 8. Rb1 Qe7 9. Bg5 Nbd7 10. e3 b6 11. cxd5 exd5 12. Qc2 g6 13. Ne2 Bb7 14. Bf4 Ne4 15. Bxd6 Qxd6 16. Nf4 Rac8 17. b4 Ba6 18. Rfc1 Bc4 19. Nd3 b5 20. Nfe5 Bxd3 21. Nxd3 Nb6 22. Ne5 Nc4 23. Nxc4 bxc4 24. Qa4 Rb8 25. f3 Nf6 26. Qxa7 Ra8 27. Qc5 Qe6 28. b5 cxb5 29. e4 fxe4 30. Re1 Nd7 31. Qxb5 Rxa2 32. fxe4 Rff2 33. Bh1 Qh3 34. Qxd5+ Kg7 0-1

[Event "Rilton Cup 49th"]
[Site "Stockholm"]
[Date "2020.01.02"]
[Round "6"]
[White "Balokas, Dimitrios"]
[Black "Andersson, Goran L"]
[Result "1-0"]
[WhiteElo "2209"]
[BlackElo "2282"]
[PlyCount "83"]
[EventDate "2019.12.27"]
[EventType "swiss"]
[EventRounds "9"]
[EventCountry "SWE"]
[SourceTitle "CBM 194 Extra"]
[Source "ChessBase"]
[SourceDate "2020.03.31"]
[SourceVersion "1"]
[SourceVersionDate "2020.03.31"]
[SourceQuality "1"]

1. c4 e6 2. Nf3 d5 3. d4 Nf6 4. e3 c5 5. cxd5 Nxd5 6. Nc3 Nc6 7. Bd3 Be7 8. 0-0 0-0 9. Qe2 cxd4 10. exd4 b6 11. Nxd5 exd5 12. Bxh7+ Kxh7 13. Qc2+ Kg8 14. Qxc6 Bf5 15. Bf4 Rc8 16. Qa4 Bd6 17. Bxd6 Qxd6 18. Rac1 Be4 19. Ne5 f6 20. Rc6 Qb8 21. Ng4 Qb7 22. Rxc8 Rxc8 23. Qb3 Rc4 24. Qg3 Kf7 25. b3 Rc2 26. Ne3 Rc3 27. Re1 Qc6 28. h4 Rc1 29. Rxc1 Qxc1+ 30. Kh2 Qd2 31. Qf4 Qxa2 32. f3 Bd3 33. Nxd5 Qxb3 34. Qc7+ Kg8 35. Qd8+ Kh7 36. Qd7 Kh8 37. Nf4 Bc4 38. Qe8+ Bg8 39. Ng6+ Kh7 40. Nf8+ Kh8 41. Qh5+ Bh7 42. Qxh7# 1-0

[Event "Rilton Cup 49th"]
[Site "Stockholm"]
[Date "2019.12.30"]
[Round "4"]
[White "Balokas, Dimitrios"]
[Black "Lohia, Sohum"]
[Result "1-0"]
[WhiteElo "2209"]
[BlackElo "1951"]
[PlyCount "85"]
[EventDate "2019.12.27"]
[EventType "swiss"]
[EventRounds "9"]
[EventCountry "SWE"]
[SourceTitle "CBM 194 Extra"]
[Source "ChessBase"]
[SourceDate "2020.03.31"]
[SourceVersion "1"]
[SourceVersionDate "2020.03.31"]
[SourceQuality "1"]

1. c4 Nf6 2. Nc3 g6 3. e4 d6 4. d4 Bg7 5. h3 0-0 6. Be3 c5 7. Nf3 cxd4 8. Nxd4 Nc6 9. Be2 Bd7 10. 0-0 Rc8 11. Qd2 a6 12. f4 Nxd4 13. Bxd4 Bc6 14. Qe3 Nd7 15. e5 Qc7 16. e6 Bxd4 17. exf7+ Rxf7 18. Qxd4 Qb6 19. Qxb6 Nxb6 20. b3 Rcf8 21. g3 Kg7 22. b4 Na4 23. Rac1 e5 24. b5 Nxc3 25. Rxc3 Bd7 26. fxe5 dxe5 27. Rxf7+ Kxf7 28. a4 Rc8 29. c5 axb5 30. axb5 Ke6 31. Kf2 h5 32. Ke3 Kf6 33. h4 Bf5 34. Bf1 e4 35. c6 bxc6 36. Rxc6+ Rxc6 37. bxc6 Ke5 38. Bg2 Kd5 39. c7 Kd6 40. Bxe4 Bg4 41. Bxg6 Kxc7 42. Kf4 Kd6 43. Kg5 1-0

[Event "GRE-chT 47th"]
[Site "Patras"]
[Date "2019.07.06"]
[Round "7.5"]
[White "Balokas, Dimitrios"]
[Black "Tsekmes, Dimitrios"]
[Result "1-0"]
[WhiteElo "2206"]
[BlackElo "2172"]
[PlyCount "97"]
[EventDate "2019.07.02"]
[EventType "team-swiss"]
[EventRounds "7"]
[EventCountry "GRE"]
[SourceTitle "CBM 191 Extra"]
[Source "ChessBase"]
[SourceDate "2019.09.30"]
[SourceVersion "1"]
[SourceVersionDate "2019.09.30"]
[SourceQuality "1"]
[WhiteTeam "Chania OA"]
[BlackTeam "Neapolis Sykeon"]
[WhiteTeamCountry "GRE"]
[BlackTeamCountry "GRE"]

1. e4 c5 2. Nf3 Nc6 3. d4 cxd4 4. Nxd4 Qb6 5. Nb3 Nf6 6. Nc3 e6 7. Bd3 d6 8. 0-0 Be7 9. Be3 Qc7 10. f4 a6 11. Qf3 e5 12. Nd5 Nxd5 13. exd5 Nb4 14. fxe5 0-0 15. Bxh7+ Kxh7 16. Qe4+ Kg8 17. Qxb4 dxe5 18. Bc5 Bxc5+ 19. Qxc5 Qxc5+ 20. Nxc5 Bg4 21. h3 Bh5 22. Rf5 Bg6 23. Rxe5 b6 24. Nb3 Rfd8 25. c4 b5 26. cxb5 f6 27. Re7 axb5 28. Rc1 Rxd5 29. Rcc7 Bb1 30. Rxg7+ Kh8 31. a3 Ba2 32. Rh7+ Kg8 33. Rcg7+ Kf8 34. Rg3 Ra4 35. Kh2 Rc4 36. Na5 Rc2 37. h4 Rd1 38. b3 Bb1 39. Rb7 Rcc1 40. Rf3 f5 41. Rxb5 Be4 42. Rf2 Rh1+ 43. Kg3 Rc3+ 44. Kf4 Rxh4+ 45. Kg5 Rh2 46. Nc4 Ke7 47. Re5+ Kd7 48. Rd2+ Kc8 49. Re8+ 1-0

[Event "Anogia Fischer Memorial 5th"]
[Site "Anogia"]
[Date "2018.09.19"]
[Round "9"]
[White "Balokas, Dimitrios"]
[Black "Chakravarthi, Reddy M"]
[Result "0-1"]
[WhiteElo "2225"]
[BlackElo "2415"]
[PlyCount "96"]
[EventDate "2018.09.11"]
[EventType "tourn"]
[EventRounds "9"]
[EventCountry "GRE"]
[EventCategory "6"]
[SourceTitle "CBM 186 Extra"]
[Source "ChessBase"]
[SourceDate "2018.08.24"]
[SourceVersion "1"]
[SourceVersionDate "2018.08.24"]
[SourceQuality "1"]

1. d4 c5 2. d5 f5 3. e4 fxe4 4. Nc3 Nf6 5. g4 g6 6. Bg2 Bg7 7. h3 0-0 8. Nge2 d6 9. Ng3 Na6 10. 0-0 Nc7 11. Ngxe4 b5 12. Nxf6+ exf6 13. Bf4 f5 14. g5 b4 15. Na4 Ba6 16. Re1 Bb5 17. Nxc5 dxc5 18. Bxc7 Qxc7 19. d6 Qd8 20. Qd5+ Kh8 21. Qxa8 Qxa8 22. Bxa8 Rxa8 23. Rad1 Rd8 24. Rd5 Bf8 25. Rxc5 a6 26. Rd1 Kg8 27. c4 bxc3 28. bxc3 Be2 29. Rd4 Bf3 30. Rc7 Rxd6 31. Rxd6 Bxd6 32. Rc8+ Kf7 33. c4 Be7 34. h4 a5 35. c5 Ke6 36. c6 Bb4 37. c7 Kd7 38. Rh8 Kxc7 39. Rxh7+ Kc6 40. Rg7 Bh5 41. a4 Kd5 42. Rc7 Bc5 43. Kg2 Kc4 44. f3 Kb4 45. Rc8 Bd4 46. Rd8 Bc3 47. Kf2 Kxa4 48. Ke3 Kb3 0-1

[Event "Anogia Fischer Memorial 5th"]
[Site "Anogia"]
[Date "2018.09.16"]
[Round "6"]
[White "Ernst, Sipke"]
[Black "Balokas, Dimitrios"]
[Result "1-0"]
[WhiteElo "2546"]
[BlackElo "2225"]
[PlyCount "77"]
[EventDate "2018.09.11"]
[EventType "tourn"]
[EventRounds "9"]
[EventCountry "GRE"]
[EventCategory "6"]
[SourceTitle "CBM 186 Extra"]
[Source "ChessBase"]
[SourceDate "2018.08.24"]
[SourceVersion "1"]
[SourceVersionDate "2018.08.24"]
[SourceQuality "1"]

1. Nf3 c5 2. e3 Nf6 3. c4 g6 4. Nc3 Bg7 5. d4 cxd4 6. exd4 d5 7. cxd5 0-0 8. Bc4 Nbd7 9. Bb3 Nb6 10. Ne5 Nbxd5 11. 0-0 Be6 12. Re1 Nxc3 13. bxc3 Bxb3 14. Qxb3 Qd5 15. Rb1 Rac8 16. Qa3 Ne4 17. Bb2 Nd6 18. Qb3 Qxb3 19. axb3 Rfd8 20. g4 Nb5 21. Re3 e6 22. f4 Nd6 23. Nf3 Bh6 24. g5 Nf5 25. Re2 Bf8 26. Ra1 a6 27. Nd2 Bg7 28. Ne4 b5 29. Rxa6 b4 30. c4 Nxd4 31. Bxd4 Rxd4 32. Ra4 Rb8 33. Kg2 Rd3 34. Nc5 Rc3 35. Rd2 Rc8 36. Ra7 Bf8 37. Ne4 Rxb3 38. Nf6+ Kg7 39. Rdd7 1-0

[Event "Anogia Fischer Memorial 5th"]
[Site "Anogia"]
[Date "2018.09.14"]
[Round "4"]
[White "Markidis, Konstantinos"]
[Black "Balokas, Dimitrios"]
[Result "1/2-1/2"]
[WhiteElo "2288"]
[BlackElo "2225"]
[PlyCount "33"]
[EventDate "2018.09.11"]
[EventType "tourn"]
[EventRounds "9"]
[EventCountry "GRE"]
[EventCategory "6"]
[SourceTitle "CBM 186 Extra"]
[Source "ChessBase"]
[SourceDate "2018.08.24"]
[SourceVersion "1"]
[SourceVersionDate "2018.08.24"]
[SourceQuality "1"]

1. e4 e5 2. Nf3 Nc6 3. Bb5 Nge7 4. 0-0 g6 5. c3 a6 6. Ba4 Bg7 7. d4 exd4 8. cxd4 0-0 9. d5 Na5 10. Nbd2 b5 11. Bc2 d6 12. Rb1 c6 13. b4 Nc4 14. Nxc4 bxc4 15. dxc6 Nxc6 16. Qd5 Qe8 17. h3 1/2-1/2

[Event "Anogia Fischer Memorial 5th"]
[Site "Anogia"]
[Date "2018.09.12"]
[Round "2"]
[White "Balokas, Dimitrios"]
[Black "Velten, Paul"]
[Result "0-1"]
[WhiteElo "2225"]
[BlackElo "2475"]
[PlyCount "52"]
[EventDate "2018.09.11"]
[EventType "tourn"]
[EventRounds "9"]
[EventCountry "GRE"]
[EventCategory "6"]
[SourceTitle "CBM 186 Extra"]
[Source "ChessBase"]
[SourceDate "2018.08.24"]
[SourceVersion "1"]
[SourceVersionDate "2018.08.24"]
[SourceQuality "1"]

1. d4 Nf6 2. c4 e6 3. Nf3 b6 4. g3 Ba6 5. b3 Bb4+ 6. Bd2 Be7 7. Nc3 c6 8. e4 d5 9. Bd3 c5 10. exd5 exd5 11. Qe2 cxd4 12. Nb5 0-0 13. 0-0 Re8 14. Rfe1 Bb7 15. Bg5 Nbd7 16. Nbxd4 h6 17. Bd2 Nc5 18. Bf5 Nce4 19. Rad1 Bc5 20. Qd3 dxc4 21. bxc4 Nxd2 22. Qxd2 Qd6 23. Rxe8+ Rxe8 24. Bh3 Ne4 25. Qc2 Qf6 26. Bg2 Rd8 0-1

[Event "Anogia op 7th"]
[Site "Anogia"]
[Date "2018.08.18"]
[Round "3"]
[White "Balokas, Dimitrios"]
[Black "Kokolias, Konstantinos"]
[Result "1/2-1/2"]
[WhiteElo "2250"]
[BlackElo "2104"]
[PlyCount "85"]
[EventDate "2018.08.17"]
[EventType "swiss"]
[EventRounds "9"]
[EventCountry "GRE"]
[SourceTitle "CBM 186 Extra"]
[Source "ChessBase"]
[SourceDate "2018.08.24"]
[SourceVersion "1"]
[SourceVersionDate "2018.08.24"]
[SourceQuality "1"]

1. d4 d5 2. c4 c6 3. Nf3 Nf6 4. Nc3 dxc4 5. e4 b5 6. Be2 e6 7. 0-0 Be7 8. a4 b4 9. e5 bxc3 10. exf6 Bxf6 11. bxc3 Nd7 12. Bxc4 0-0 13. Ba3 Be7 14. Bxe7 Qxe7 15. a5 Rb8 16. Re1 Qd6 17. Ne5 Nxe5 18. dxe5 Qc5 19. Qd6 Qxd6 20. exd6 Rd8 21. Rab1 Bd7 22. f4 g6 23. g4 c5 24. Rxb8 Rxb8 25. f5 gxf5 26. gxf5 Kg7 27. fxe6 fxe6 28. Re3 Kf6 29. Rh3 Ke5 30. Rxh7 Kxd6 31. Kf2 Bb5 32. Bxb5 Rxb5 33. a6 Rb2+ 34. Ke3 Ra2 35. Rxa7 Rxh2 36. Kd3 Ra2 37. Ra8 Kc6 38. Re8 Rxa6 39. Rxe6+ Kb7 40. Rxa6 Kxa6 41. Kc4 Kb6 42. Kd5 c4 43. Kxc4 1/2-1/2

[Event "GRE-chT 46th"]
[Site "Rio Achaia"]
[Date "2018.07.14"]
[Round "6.3"]
[White "Balokas, Dimitrios"]
[Black "Souleidis, Georgios"]
[Result "0-1"]
[WhiteElo "2259"]
[BlackElo "2415"]
[PlyCount "120"]
[EventDate "2018.07.10"]
[EventType "team"]
[EventRounds "7"]
[EventCountry "GRE"]
[SourceTitle "CBM 185 Extra"]
[Source "ChessBase"]
[SourceDate "2018.07.29"]
[SourceVersion "1"]
[SourceVersionDate "2018.07.29"]
[SourceQuality "1"]
[WhiteTeam "The Christ of Chania"]
[BlackTeam "Heraklion"]
[WhiteTeamCountry "GRE"]
[BlackTeamCountry "GRE"]

1. d4 Nf6 2. c4 e6 3. Nf3 d5 4. Nc3 a6 5. e3 dxc4 6. Bxc4 b5 7. Be2 Bb7 8. 0-0 Nbd7 9. b3 c5 10. Bb2 Be7 11. dxc5 Bxc5 12. Nd4 0-0 13. Bf3 Bxf3 14. Nxf3 Rc8 15. Rc1 Qa5 16. Ng5 Ba3 17. Bxa3 Qxa3 18. Qd2 Qb4 19. Nce4 Qxd2 20. Nxd2 Nc5 21. Ngf3 Nd3 22. Rxc8 Rxc8 23. a4 b4 24. Nc4 Nc5 25. Ncd2 Nd5 26. Nd4 g6 27. Rc1 Nc3 28. Kf1 e5 29. Ne2 Rd8 30. Nxc3 Rxd2 31. Nb1 Rxf2+ 32. Kg1 Rb2 33. Rxc5 Rxb1+ 34. Kf2 Rxb3 35. Rxe5 Rc3 36. Re8+ Kg7 37. Ra8 Rc6 38. Rb8 Rc4 39. Ra8 b3 40. Rb8 Rc2+ 41. Kf3 b2 42. Rb6 a5 43. h3 h5 44. h4 Kf8 45. g3 Ke7 46. e4 Kd7 47. e5 Kc7 48. Rb5 Kc6 49. Ke3 Rc3+ 50. Kf2 Rc2+ 51. Ke3 Rc3+ 52. Kf2 Rc4 53. Rxb2 Rxa4 54. Rd2 Re4 55. Rd6+ Kc5 56. Ra6 Kb5 57. Ra7 Rxe5 58. Kf3 Rf5+ 59. Ke4 a4 60. Ra8 Kb4 0-1

[Event "Heraklion Fischer Memorial 3rd"]
[Site "Heraklion"]
[Date "2018.01.04"]
[Round "3"]
[White "Antic, Dejan"]
[Black "Balokas, Dimitrios"]
[Result "1-0"]
[WhiteElo "2453"]
[BlackElo "2269"]
[PlyCount "53"]
[EventDate "2018.01.02"]
[EventType "tourn"]
[EventRounds "9"]
[EventCountry "GRE"]
[EventCategory "6"]
[SourceTitle "CBM 182 Extra"]
[Source "ChessBase"]
[SourceDate "2018.02.23"]
[SourceVersion "1"]
[SourceVersionDate "2018.02.23"]
[SourceQuality "1"]

1. d4 Nf6 2. Nf3 e6 3. c4 c5 4. d5 exd5 5. cxd5 d6 6. Nc3 g6 7. h3 b5 8. Nxb5 Bg7 9. e3 0-0 10. Nc3 Nbd7 11. Bd3 Bb7 12. e4 Re8 13. 0-0 c4 14. Bc2 Nc5 15. Re1 Ba6 16. Bf4 Rb8 17. Rb1 Rb7 18. Nd4 Qd7 19. b4 cxb3 20. axb3 Nh5 21. Be3 Qc8 22. Qd2 Nd7 23. Na2 Rc7 24. Nb4 Bb7 25. Nb5 Bc3 26. Nxc3 Rxc3 27. Nc6 1-0

[Event "Heraklion Gazi op 13th"]
[Site "Heraklion"]
[Date "2017.07.29"]
[Round "2"]
[White "Grammatikaki, Aggeliki"]
[Black "Balokas, Dimitrios"]
[Result "0-1"]
[WhiteElo "1623"]
[BlackElo "2213"]
[PlyCount "70"]
[EventDate "2017.07.28"]
[EventType "swiss"]
[EventRounds "9"]
[EventCountry "GRE"]
[SourceTitle "CBM 179 Extra"]
[Source "ChessBase"]
[SourceDate "2017.08.23"]
[SourceVersion "1"]
[SourceVersionDate "2017.08.23"]
[SourceQuality "1"]

1. c4 c5 2. Nc3 Nc6 3. g3 g6 4. Bg2 Bg7 5. Nf3 e6 6. 0-0 Nge7 7. d3 0-0 8. a3 d5 9. cxd5 Nxd5 10. Nxd5 exd5 11. Qc2 b6 12. Bf4 Bb7 13. Rab1 a5 14. Rfd1 Re8 15. Qd2 Qd7 16. h4 d4 17. Ng5 Ne5 18. Bxb7 Qxb7 19. Ne4 Qd7 20. Kg2 f5 21. Ng5 Qd5+ 22. Nf3 Nxf3 23. exf3 Re6 24. h5 Rae8 25. hxg6 hxg6 26. Re1 Kf7 27. b4 cxb4 28. axb4 a4 29. Rxe6 Qxe6 30. b5 a3 31. Qb4 a2 32. Ra1 Ra8 33. Qd6 Qxd6 34. Bxd6 Bf8 35. Bc7 Bb4 0-1

[Event "GRE-chT 45th"]
[Site "Achaia"]
[Date "2017.07.05"]
[Round "4.4"]
[White "Balokas, Dimitrios"]
[Black "Petrakis, Ilias"]
[Result "1-0"]
[WhiteElo "2213"]
[BlackElo "2165"]
[PlyCount "115"]
[EventDate "2017.07.03"]
[EventType "team-swiss"]
[EventRounds "7"]
[EventCountry "GRE"]
[SourceTitle "CBM 179 Extra"]
[Source "ChessBase"]
[SourceDate "2017.08.23"]
[SourceVersion "1"]
[SourceVersionDate "2017.08.23"]
[SourceQuality "1"]
[WhiteTeam "Heraklion CN"]
[BlackTeam "Irakleiou Attikis"]
[WhiteTeamCountry "GRE"]
[BlackTeamCountry "GRE"]

1. c4 e5 2. Nc3 Nc6 3. g3 Bc5 4. Bg2 d6 5. Nf3 Nf6 6. 0-0 Bf5 7. d3 h6 8. e3 0-0 9. a3 a5 10. Nd5 Nxd5 11. cxd5 Ne7 12. d4 exd4 13. Nxd4 Bd7 14. b3 Qc8 15. Re1 Bh3 16. Bh1 Ng6 17. Bb2 Qd7 18. Qd2 Rfe8 19. b4 Bb6 20. Nb3 axb4 21. axb4 Rxa1 22. Bxa1 Qg4 23. Qc3 f6 24. Nd2 Ne5 25. f4 Ng6 26. Bf3 Qf5 27. Kh1 Bg4 28. Bg2 h5 29. e4 Qd7 30. Nc4 Ba7 31. f5 h4 32. fxg6 Bf2 33. Rf1 h3 34. Bf3 Ba7 35. Nd2 Re7 36. Bxg4 Qxg4 37. Qf3 Qxg6 38. Bc3 Qe8 39. g4 c6 40. dxc6 Qxc6 41. Qxh3 d5 42. exd5 Qxd5+ 43. Qf3 Qb5 44. Qf5 Qc6+ 45. Rf3 Re1+ 46. Kg2 Re2+ 47. Kf1 Rxh2 48. g5 Qe8 49. Qe4 Qa4 50. Qe6+ Kh8 51. Qc8+ Kh7 52. Rh3+ Rxh3 53. Qxh3+ Kg6 54. Qd3+ Kxg5 55. Ne4+ Kf4 56. Nd6 Qa2 57. Qf5+ Kg3 58. Be1+ 1-0

[Event "GRE-chT 45th"]
[Site "Achaia"]
[Date "2017.07.04"]
[Round "2.6"]
[White "Kalogridis, Themistoklis"]
[Black "Balokas, Dimitrios"]
[Result "0-1"]
[WhiteElo "1072"]
[BlackElo "2213"]
[PlyCount "64"]
[EventDate "2017.07.03"]
[EventType "team-swiss"]
[EventRounds "7"]
[EventCountry "GRE"]
[SourceTitle "CBM 179 Extra"]
[Source "ChessBase"]
[SourceDate "2017.08.23"]
[SourceVersion "1"]
[SourceVersionDate "2017.08.23"]
[SourceQuality "1"]
[WhiteTeam "Orekastro Marion Thunder"]
[BlackTeam "Heraklion CN"]
[WhiteTeamCountry "GRE"]
[BlackTeamCountry "GRE"]

1. d4 Nf6 2. c4 e6 3. Nc3 Bb4 4. e3 b6 5. Nge2 Bb7 6. a3 Bd6 7. Ng3 h5 8. h4 Bxg3 9. fxg3 Qe7 10. Qc2 0-0 11. Bd3 Qd6 12. Rh3 a6 13. Ne4 Nxe4 14. Bxe4 Bxe4 15. Qxe4 Qc6 16. Qf3 Ra7 17. Qxc6 Nxc6 18. b4 b5 19. c5 a5 20. Bb2 axb4 21. axb4 Rxa1+ 22. Bxa1 Nxb4 23. Kd2 Ra8 24. Kc3 Nd5+ 25. Kb2 Nxe3 26. Rh2 Nc4+ 27. Kb1 b4 28. Rh1 d5 29. cxd6 cxd6 30. Rc1 d5 31. Rd1 b3 32. Rd3 b2 0-1

[Event "Heraklion Capablanca Memorial 1st"]
[Site "Heraklion"]
[Date "2017.04.23"]
[Round "8"]
[White "Taylor, Adam C"]
[Black "Balokas, Dimitrios"]
[Result "1/2-1/2"]
[WhiteElo "2231"]
[BlackElo "2184"]
[PlyCount "57"]
[EventDate "2017.04.17"]
[EventType "tourn"]
[EventRounds "9"]
[EventCountry "GRE"]
[SourceTitle "CBM 177 Extra"]
[Source "ChessBase"]
[SourceDate "2017.04.27"]
[SourceVersion "1"]
[SourceVersionDate "2017.04.27"]
[SourceQuality "1"]

1. e4 c5 2. Nf3 e6 3. b3 a6 4. Bb2 Nc6 5. g3 d6 6. Bg2 Nf6 7. e5 dxe5 8. Nxe5 Nxe5 9. Bxe5 Bd6 10. Bxd6 Qxd6 11. 0-0 0-0 12. a4 Rb8 13. a5 Bd7 14. Na3 Bc6 15. Nc4 Qc7 16. Re1 Bxg2 17. Kxg2 Nd5 18. Qf3 Nb4 19. Qe4 Qc6 20. Qxc6 Nxc6 21. Ne5 Nd4 22. Ra4 Rfd8 23. Rc4 Rbc8 24. Re3 Nb5 25. Rd3 Nd6 26. Rcc3 f6 27. Nc4 Nb5 28. Rxd8+ Rxd8 29. Re3 1/2-1/2

[Event "Heraklion Gazi op 12th"]
[Site "Malevizi"]
[Date "2016.08.02"]
[Round "6"]
[White "Gevorgyan, Maria"]
[Black "Balokas, Dimitrios"]
[Result "1-0"]
[WhiteElo "2218"]
[BlackElo "2142"]
[PlyCount "121"]
[EventDate "2016.07.28"]
[EventType "swiss"]
[EventRounds "9"]
[EventCountry "GRE"]
[SourceTitle "CBM 173 Extra"]
[Source "ChessBase"]
[SourceDate "2016.08.29"]
[SourceVersion "1"]
[SourceVersionDate "2016.08.29"]
[SourceQuality "1"]

1. e4 e5 2. Nf3 Nc6 3. Bc4 Bc5 4. c3 Nf6 5. d3 0-0 6. 0-0 d5 7. exd5 Nxd5 8. Re1 Bg4 9. Nbd2 Nb6 10. Ne4 Be7 11. Bb3 Qd7 12. h3 Bh5 13. Ng3 Bg6 14. Nxe5 Nxe5 15. Rxe5 Bf6 16. Re3 Rad8 17. Qf3 c5 18. Ne4 Be7 19. Qe2 Kh8 20. f4 c4 21. dxc4 f5 22. Nf2 Bc5 23. Qf3 Bxe3 24. Bxe3 Bf7 25. c5 Nc4 26. Rd1 Qc6 27. Rxd8 Rxd8 28. Qxc6 bxc6 29. Bd4 a5 30. Nd3 Rb8 31. Ne5 Nxe5 32. Bxe5 Rb7 33. Bxf7 Rxf7 34. b3 Kg8 35. Kf2 Rd7 36. Bd6 Kf7 37. Ke3 Ke6 38. Kd4 h6 39. h4 g6 40. Kc4 Rb7 41. Bf8 Rh7 42. a4 g5 43. g3 gxh4 44. gxh4 h5 45. b4 axb4 46. cxb4 Ra7 47. a5 Ra8 48. Bd6 Kd7 49. Be5 Kc8 50. b5 Rxa5 51. bxc6 Ra2 52. Kd5 Rh2 53. Ke6 Rxh4 54. Kxf5 Rh1 55. Ke6 h4 56. f5 h3 57. f6 h2 58. f7 Rf1 59. Bxh2 Rf2 60. Bd6 Re2+ 61. Kd5 1-0